| 000 | 00673nam a2200217 4500 | ||
|---|---|---|---|
| 001 | 118834 | ||
| 003 | ES-MaACL | ||
| 005 | 20230906191204.0 | ||
| 007 | t| | ||
| 008 | 070214s1981 sp r ||||1| spa d | ||
| 100 | 1 |
_aPérez-Carballo, A. _990704 |
|
| 245 | 1 | 0 |
_aGestión financiera de la empresa / _cA. Pérez-Carballo y E. Vela Sastre. |
| 260 |
_aMadrid : _bAlianza, _c1981. |
||
| 300 |
_aX, 893 p. ; _c23 cm. |
||
| 490 | 1 |
_aAlianza universidad. Textos ; _v36 |
|
| 700 | 1 |
_aVela Sastre, E. _9113693 |
|
| 830 | 0 |
_aAlianza universidad. Textos ; _v36 _9177885 |
|
| 852 |
_aES-MaACL _jL-3093 _bR.103507 |
||
| 852 |
_aES-MaACL _jL-1476 _bR.102290 |
||
| 999 |
_c118834 _d118834 |
||